<?xml version="1.0" encoding="UTF-8"?>
<record
    xmlns:xsi="http://www.w3.org/2001/XMLSchema-instance"
    xsi:schemaLocation="http://www.loc.gov/MARC21/slim http://www.loc.gov/standards/marcxml/schema/MARC21slim.xsd"
    xmlns="http://www.loc.gov/MARC21/slim">

  <leader>01075nam0a22002651  4500</leader>
  <controlfield tag="001">v19\rc\1726878</controlfield>
  <controlfield tag="005">20250619042419.0</controlfield>
  <datafield tag="035" ind1=" " ind2=" ">
    <subfield code="a">(NLR Aleph) 004823172</subfield>
  </datafield>
  <datafield tag="090" ind1=" " ind2=" ">
    <subfield code="a">5036904</subfield>
    <subfield code="c">5036903</subfield>
  </datafield>
  <datafield tag="100" ind1=" " ind2=" ">
    <subfield code="a">20061002d1901    |||y0rusy50      ca</subfield>
  </datafield>
  <datafield tag="101" ind1="0" ind2=" ">
    <subfield code="a">rus</subfield>
    <subfield code="a">lav</subfield>
  </datafield>
  <datafield tag="102" ind1=" " ind2=" ">
    <subfield code="a">RU</subfield>
  </datafield>
  <datafield tag="105" ind1=" " ind2=" ">
    <subfield code="a">y   z   |||||</subfield>
  </datafield>
  <datafield tag="200" ind1="1" ind2=" ">
    <subfield code="a">&#x41F;&#x440;&#x430;&#x432;&#x438;&#x43B;&#x430; &#x432;&#x43D;&#x443;&#x442;&#x440;&#x435;&#x43D;&#x43D;&#x435;&#x433;&#x43E; &#x440;&#x430;&#x441;&#x43F;&#x43E;&#x440;&#x44F;&#x434;&#x43A;&#x430; &#x43D;&#x430; &#x43A;&#x440;&#x430;&#x445;&#x43C;&#x430;&#x43B;&#x44C;&#x43D;&#x43E;&#x43C; &#x437;&#x430;&#x432;&#x43E;&#x434;&#x435; &#x418;&#x43E;&#x441;&#x438;&#x444;&#x430; &#x418;&#x43E;&#x441;&#x438;&#x444;&#x43E;&#x432;&#x438;&#x447;&#x430; &#x413;&#x440;&#x443;&#x43D;&#x434;&#x43C;&#x430;&#x43D;&#x430; &#x432; &#x444;&#x43E;&#x43B;&#x44C;&#x432;&#x435;&#x440;&#x43A;&#x435; &#x41D;&#x435;&#x439;&#x433;&#x43E;&#x444;, &#x41F;&#x43E;&#x441;&#x442;&#x435;&#x43D;&#x433;&#x435;&#x43D;&#x441;&#x43A;&#x43E;&#x439; &#x432;&#x43E;&#x43B;&#x43E;&#x441;&#x442;&#x438;, &#x422;&#x430;&#x43B;&#x44C;&#x441;&#x435;&#x43D;&#x441;&#x43A;&#x43E;&#x433;&#x43E; &#x443;&#x435;&#x437;&#x434;&#x430;</subfield>
    <subfield code="e">[&#x423;&#x442;&#x432;. 15 &#x43D;&#x43E;&#x44F;&#x431;. 1901 &#x433;.]</subfield>
  </datafield>
  <datafield tag="210" ind1=" " ind2=" ">
    <subfield code="a">&#x420;&#x438;&#x433;&#x430;</subfield>
    <subfield code="d">&#x446;&#x435;&#x43D;&#x437;. 1901</subfield>
  </datafield>
  <datafield tag="215" ind1=" " ind2=" ">
    <subfield code="a">11 &#x441;.</subfield>
  </datafield>
  <datafield tag="300" ind1=" " ind2=" ">
    <subfield code="a">&#x422;&#x435;&#x43A;&#x441;&#x442; &#x43F;&#x430;&#x440;&#x430;&#x43B;. &#x43D;&#x430; &#x440;&#x443;&#x441;. &#x438; &#x43B;&#x430;&#x442;&#x44B;&#x448;. &#x44F;&#x437;.</subfield>
  </datafield>
  <datafield tag="309" ind1=" " ind2=" ">
    <subfield code="a">&#x411;&#x435;&#x437; &#x442;&#x438;&#x442;. &#x43B;. &#x438; &#x43E;&#x431;&#x43B;.</subfield>
  </datafield>
  <datafield tag="710" ind1="0" ind2="2">
    <subfield code="a">&#x41A;&#x440;&#x430;&#x445;&#x43C;&#x430;&#x43B;&#x44C;&#x43D;&#x44B;&#x439; &#x437;&#x430;&#x432;&#x43E;&#x434; &#x418;.&#x418;. &#x413;&#x440;&#x443;&#x43D;&#x434;&#x43C;&#x430;&#x43D;&#x430;</subfield>
    <subfield code="c">&#x41D;&#x435;&#x439;&#x433;&#x43E;&#x444;, &#x41B;&#x438;&#x444;&#x43B;&#x44F;&#x43D;&#x434;. &#x433;&#x443;&#x431;.</subfield>
  </datafield>
  <datafield tag="801" ind1=" " ind2="0">
    <subfield code="a">RU</subfield>
    <subfield code="b">NLR</subfield>
    <subfield code="g">psbo</subfield>
  </datafield>
  <datafield tag="801" ind1=" " ind2="0">
    <subfield code="a">RU</subfield>
    <subfield code="b">RuMoRGB</subfield>
    <subfield code="2">psbo</subfield>
  </datafield>
  <datafield tag="801" ind1=" " ind2="1">
    <subfield code="a">RU</subfield>
    <subfield code="b">ProSoft-M</subfield>
    <subfield code="2">rusmarc</subfield>
  </datafield>
  <datafield tag="852" ind1=" " ind2=" ">
    <subfield code="a">NLR</subfield>
    <subfield code="j">18.277.8.303</subfield>
  </datafield>
  <datafield tag="942" ind1=" " ind2=" ">
    <subfield code="c">BOOK</subfield>
  </datafield>
  <datafield tag="980" ind1=" " ind2=" ">
    <subfield code="a">NB</subfield>
  </datafield>
  <datafield tag="995" ind1=" " ind2=" ">
    <subfield code="5">2013-10-26</subfield>
    <subfield code="b">NLR02</subfield>
    <subfield code="c">NLR02</subfield>
    <subfield code="e">RFS</subfield>
    <subfield code="f">4823172-10</subfield>
    <subfield code="k">18.277.8.303</subfield>
    <subfield code="o">0</subfield>
    <subfield code="r">BOOK</subfield>
    <subfield code="s">182778303_</subfield>
  </datafield>
</record>
